LEADER 01046nam0-22003251i-450- 001 990001642450403321 005 20080714111939.0 035 $a000164245 035 $aFED01000164245 035 $a(Aleph)000164245FED01 035 $a000164245 100 $a20030910d1913----km-y0itay50------ba 101 0 $afre 102 $aCA 105 $aa-------001yy 200 1 $aPlantes fourragères$eprairies et pâturages$fpar Geo. H. Clark et M. Oscar Malte$gavec gravures à l'acquarelle de Norman Criddle$gtraduit au Bureau de tradution du Ministère 210 $aOttawa$cMinistère fédéral de l'agriculture$d1913 215 $a160 p., 27 tav.$d26 cm 610 0 $aPiante foraggere 676 $a633.3 700 1$aClark,$bGeorge Harold$0430386 701 1$aMalte,$bMalte Oscar$0430387 712 02$aCanada.$bAgriculture Canada 801 0$aIT$bUNINA$gRICA$2UNIMARC 901 $aBK 912 $a990001642450403321 952 $a60 581.632 B 1$b9619$fFAGBC 959 $aFAGBC 996 $aPlantes fourragères$9368076 997 $aUNINA LEADER 01443nam 2200445I 450 001 9910705776703321 005 20170614164059.0 035 $a(CKB)5470000002452637 035 $a(OCoLC)990066321 035 $a(EXLCZ)995470000002452637 100 $a20170614j199608 ua 0 101 0 $aeng 135 $aurbn||||||||| 181 $ctxt$2rdacontent 182 $cc$2rdamedia 183 $acr$2rdacarrier 200 10$aSTS-78 space shuttle mission report /$fprepared by Robert W. Fricke 210 1$aHouston, Texas :$cNational Aeronautics and Space Administration, Lyndon B. Johnson Space Center,$dAugust 1996. 215 $a1 online resource (59 unnumbered pages) 225 1 $aNASA-TM ;$v111224 300 $a"August 1996." 300 $a"NSTS-37409." 606 $aBooster rocket engines$2nasat 606 $aExternal tanks$2nasat 606 $aSolid propellant rocket engines$2nasat 606 $aSpace programs$2nasat 606 $aSpace Shuttle Main Engine$2nasat 615 7$aBooster rocket engines. 615 7$aExternal tanks. 615 7$aSolid propellant rocket engines. 615 7$aSpace programs. 615 7$aSpace Shuttle Main Engine. 700 $aFricke$b Robert W.$01414888 712 02$aLyndon B. Johnson Space Center, 801 0$bGPO 801 1$bGPO 906 $aBOOK 912 $a9910705776703321 996 $aSTS-78 space shuttle mission report$93515381 997 $aUNINA LEADER 02105nam 2200577 450 001 9910706199503321 005 20170816113520.0 035 $a(CKB)5470000002454427 035 $a(OCoLC)1001252659 035 $a(EXLCZ)995470000002454427 100 $a20170816j199811 ua 0 101 0 $aeng 135 $aurbn||||||||| 181 $ctxt$2rdacontent 182 $cc$2rdamedia 183 $acr$2rdacarrier 200 10$aImproved modeling of finite-rate turbulent combustion processes in research combustors /$fThomas J. VanOverbeke 210 1$aCleveland, Ohio :$cNational Aeronautics and Space Administration, Lewis Research Center,$dNovember 1998. 215 $a1 online resource (v, 277 pages) $cillustrations 225 1 $aNASA/TM ;$v1998-208823 300 $a"November 1998." 300 $a"Performing organization: National Aeronautics and Space Administration, Lewis Research Center"--Report documentation page. 320 $aIncludes bibliographical references (pages 266-275). 606 $aCombustion physics$2nasat 606 $aTurbulence models$2nasat 606 $aMathematical models$2nasat 606 $aDirect numerical simulation$2nasat 606 $aEnergy dissipation$2nasat 606 $aMonte Carlo method$2nasat 606 $aPremixed flames$2nasat 606 $aReaction kinetics$2nasat 606 $aThermodynamics$2nasat 606 $aTurbulent combustion$2nasat 615 7$aCombustion physics. 615 7$aTurbulence models. 615 7$aMathematical models. 615 7$aDirect numerical simulation. 615 7$aEnergy dissipation. 615 7$aMonte Carlo method. 615 7$aPremixed flames. 615 7$aReaction kinetics. 615 7$aThermodynamics. 615 7$aTurbulent combustion. 700 $aVanOverbeke$b Thomas J$g(Thomas Julius),$01420984 712 02$aLewis Research Center, 801 0$bGPO 801 1$bGPO 906 $aBOOK 912 $a9910706199503321 996 $aImproved modeling of finite-rate turbulent combustion processes in research combustors$93540725 997 $aUNINA